[Event "48th Continental Open"]
[Site "Sturbridge, MA"]
[Date "2018.08.18"]
[Round "6.16"]
[White "Falcao, Wesley"]
[Black "Belous, Nicholas"]
[Result "1-0"]
[WhiteElo "2148"]
[BlackElo "1852"]
[PlyCount "113"]
[EventDate "2018.08.??"]
[EventType "swiss"]
[EventRounds "9"]
[EventCountry "USA"]
[TimeControl "6000+10"]
[WhiteClock "0:02:17"]
[BlackClock "0:02:24"]

1. e4 {[%emt 0:00:10]} e6 {[%emt 0:00:33]} 2. d4 {[%emt 0:00:16]} d5 {[%emt 0:
00:13]} 3. Nc3 {[%emt 0:00:17]} Nf6 {[%emt 0:00:22]} 4. Bg5 {[%emt 0:04:45]}
dxe4 {[%emt 0:00:30]} 5. Nxe4 {[%emt 0:00:18]} Be7 {[%emt 0:00:11]} 6. Bxf6 {
[%emt 0:00:52]} Bxf6 {[%emt 0:00:13]} 7. Nf3 {[%emt 0:00:48]} O-O {[%emt 0:02:
32]} 8. Bd3 {[%emt 0:04:12]} Nd7 {[%emt 0:08:12]} 9. O-O {[%emt 0:05:53]} Re8 {
[%emt 0:01:40]} 10. c3 {[%emt 0:04:27]} Nf8 {[%emt 0:02:08]} 11. Ne5 {[%emt 0:
04:33]} Bxe5 {[%emt 0:09:42]} 12. dxe5 {[%emt 0:00:16]} b6 {[%emt 0:01:38]} 13.
Qg4 {[%emt 0:13:23]} Ng6 {[%emt 0:02:18]} 14. Rad1 {[%emt 0:00:40]} Qh4 {
[%emt 0:03:05]} 15. Qxh4 {[%emt 0:04:28]} Nxh4 {[%emt 0:00:57]} 16. Bb5 {
[%emt 0:00:33]} Rf8 {[%emt 0:00:21]} 17. Bc6 {[%emt 0:01:33]} Rb8 {[%emt 0:00:
26]} 18. f4 {[%emt 0:09:15]} Ng6 {[%emt 0:03:23]} 19. g3 {[%emt 0:08:29]} Ne7 {
[%emt 0:01:31]} 20. Bb5 {[%emt 0:01:07]} a6 {[%emt 0:04:00]} 21. Ba4 {[%emt 0:
04:36]} Bb7 {[%emt 0:02:15]} 22. Bc2 {[%emt 0:01:47]} Rbd8 {[%emt 0:05:27]} 23.
Ng5 {[%emt 0:00:47]} Ng6 {[%emt 0:04:27]} 24. h4 {[%emt 0:01:16]} Bd5 {[%emt 0:
07:32]} 25. h5 {[%emt 0:05:21]} h6 {[%emt 0:02:46]} 26. Nxf7 {[%emt 0:01:40]}
Rxf7 {[%emt 0:02:42]} 27. hxg6 {[%emt 0:01:56]} Rfd7 {[%emt 0:01:54]} 28. a3 {
[%emt 0:04:06]} Bc4 {[%emt 0:14:03]} 29. Rxd7 {[%emt 0:00:58]} Rxd7 {[%emt 0:
00:11]} 30. Rd1 {[%emt 0:00:15]} Rxd1+ {[%emt 0:00:49]} 31. Bxd1 {[%emt 0:00:
11]} Bd3 {[%emt 0:00:33]} 32. Bg4 {[%emt 0:00:32]} Bc4 {[%emt 0:01:35]} 33. Kf2
{[%emt 0:01:14]} a5 {[%emt 0:00:11]} 34. Ke3 {[%emt 0:03:54]} Kf8 {[%emt 0:00:
31]} 35. Kd4 {[%emt 0:04:06]} Bb3 {[%emt 0:01:37]} 36. c4 {[%emt 0:02:18]} Ke7
{[%emt 0:00:24]} 37. Kc3 {[%emt 0:00:35]} Ba4 {[%emt 0:00:40]} 38. c5 {[%emt 0:
02:01]} Bc6 {[%emt 0:03:46]} 39. cxb6 {[%emt 0:02:08]} cxb6 {[%emt 0:00:14]}
40. Kc4 {[%emt 0:00:37]} Kd7 {[%emt 0:02:44]} 41. Be2 {[%emt 0:00:00]} Kc7 {
[%emt 0:05:25]} 42. g4 {[%emt 0:00:00]} Kd7 {[%emt 0:01:03]} 43. Kd4 {[%emt 0:
00:00]} Ke7 {[%emt 0:01:30]} 44. f5 {[%emt 0:00:00]} Be8 {[%emt 0:01:09]} 45.
Bc4 {[%emt 0:00:00]} exf5 {[%emt 0:00:00]} 46. gxf5 {[%emt 0:00:00]} h5 {
[%emt 0:00:00]} 47. Ke3 {[%emt 0:00:00]} h4 {[%emt 0:00:00]} 48. Kf4 {[%emt 0:
00:00]} h3 {[%emt 0:00:00]} 49. Kg3 {[%emt 0:00:00]} Bd7 {[%emt 0:00:00]} 50.
Bd3 {[%emt 0:00:00]} Bc6 {[%emt 0:00:00]} 51. Kxh3 {[%emt 0:00:00]} Bd5 {
[%emt 0:00:00]} 52. Kg3 {[%emt 0:00:00]} Bb3 {[%emt 0:00:00]} 53. Kf4 {[%emt 0:
00:00]} Bd5 {[%emt 0:00:00]} 54. Ke3 {[%emt 0:00:00]} Bc6 {[%emt 0:00:00]} 55.
Bc4 {[%emt 0:00:00]} Bd7 {[%emt 0:00:00]} 56. f6+ {[%emt 0:00:08]} Kf8 {
[%emt 0:00:00]} 57. e6 {[%emt 0:00:32]} 1-0

[Event "48th Continental Open"]
[Site "Sturbridge, MA"]
[Date "2018.08.18"]
[Round "6.17"]
[White "Li, Jerry"]
[Black "Riddell, John"]
[Result "1/2-1/2"]
[WhiteElo "1943"]
[BlackElo "2103"]
[PlyCount "57"]
[EventDate "2018.08.??"]
[EventType "swiss"]
[EventRounds "9"]
[EventCountry "USA"]
[TimeControl "6000+10"]
[WhiteClock "0:20:21"]
[BlackClock "0:10:01"]

1. e4 {[%emt 0:00:10]} c5 2. Nf3 {[%emt 0:00:14]} e6 {[%emt 0:00:32]} 3. d4 {
[%emt 0:00:11]} cxd4 {[%emt 0:00:14]} 4. Nxd4 {[%emt 0:00:11]} a6 {[%emt 0:01:
02]} 5. Bd3 {[%emt 0:00:11]} d5 {[%emt 0:00:11]} 6. O-O {[%emt 0:11:49]} dxe4 {
[%emt 0:10:05]} 7. Bxe4 {[%emt 0:08:43]} Nf6 {[%emt 0:01:19]} 8. Bf3 {[%emt 0:
01:08]} Be7 {[%emt 0:13:43]} 9. Bf4 {[%emt 0:02:22]} O-O {[%emt 0:04:46]} 10.
c3 {[%emt 0:02:45]} Nbd7 {[%emt 0:01:16]} 11. Bg3 {[%emt 0:01:48]} Re8 {
[%emt 0:02:30]} 12. Nd2 {[%emt 0:04:39]} Bf8 {[%emt 0:02:35]} 13. Ne4 {[%emt 0:
04:16]} Nxe4 {[%emt 0:05:54]} 14. Bxe4 {[%emt 0:00:12]} Nf6 {[%emt 0:00:28]}
15. Bf3 {[%emt 0:01:36]} e5 {[%emt 0:04:08]} 16. Nb3 {[%emt 0:01:36]} Qb6 {
[%emt 0:10:44]} 17. Qc2 {[%emt 0:01:45]} g6 {[%emt 0:02:10]} 18. Rad1 {[%emt 0:
02:50]} Bf5 {[%emt 0:01:32]} 19. Qc1 {[%emt 0:00:13]} Ne4 {[%emt 0:17:34]} 20.
Bxe4 {[%emt 0:16:41]} Bxe4 {[%emt 0:00:11]} 21. Rfe1 {[%emt 0:00:23]} f5 {
[%emt 0:01:47]} 22. Kh1 {[%emt 0:04:59]} Bg7 {[%emt 0:01:28]} 23. f3 {[%emt 0:
01:03]} Bc6 {[%emt 0:01:36]} 24. Qc2 {[%emt 0:00:12]} e4 {[%emt 0:00:13]} 25.
f4 {[%emt 0:07:17]} Rad8 {[%emt 0:00:12]} 26. Rxd8 {[%emt 0:01:56]} Rxd8 {
[%emt 0:00:11]} 27. Bf2 {[%emt 0:01:15]} Qc7 {[%emt 0:00:41]} 28. Be3 {[%emt 0:
02:55]} Ba4 {[%emt 0:07:47]} 29. Rd1 {[%emt 0:01:09]} 1/2-1/2

[Event "48th Continental Open"]
[Site "Sturbridge, MA"]
[Date "2018.08.18"]
[Round "6.18"]
[White "Chen, Jacob"]
[Black "Lu, Jason"]
[Result "1-0"]
[WhiteElo "2084"]
[BlackElo "1826"]
[PlyCount "81"]
[EventDate "2018.08.??"]
[EventType "swiss"]
[EventRounds "9"]
[EventCountry "USA"]

1. e4 c5 2. c3 d5 3. exd5 Qxd5 4. d4 Nf6 5. Nf3 Bg4 6. Qa4+ Bd7 7. Qb3 Qxb3 8.
axb3 cxd4 9. Nxd4 e6 10. Nb5 Bxb5 11. Bxb5+ Nbd7 12. b4 Be7 13. O-O O-O 14. Nd2
Nb6 15. Nb3 Nbd5 16. Na5 Rab8 17. Bg5 Bd8 18. Rad1 Bc7 19. Be2 Rfc8 20. Nb3 Bb6
21. Bf3 Rc4 22. Nd2 Rcc8 23. Ne4 Bd8 24. Nxf6+ Bxf6 25. Bc1 Nb6 26. Bf4 e5 27.
Be3 Bd8 28. Rfe1 f6 29. Be4 Bc7 30. b3 g6 31. g4 a6 32. c4 Rf8 33. c5 Na8 34.
Rd7 f5 35. Bd5+ Kh8 36. Bh6 Rg8 37. Bxg8 Rxg8 38. Red1 e4 39. Rf7 e3 40. Rdd7
exf2+ 41. Kxf2 1-0

[Event "48th Continental Open"]
[Site "Sturbridge, MA"]
[Date "2018.08.18"]
[Round "6.19"]
[White "Procyk, Marijan"]
[Black "Wu, Brandon"]
[Result "0-1"]
[WhiteElo "1940"]
[BlackElo "1980"]
[PlyCount "59"]
[EventDate "2018.08.??"]
[EventType "swiss"]
[EventRounds "9"]
[EventCountry "USA"]
[TimeControl "6000+10"]
[WhiteClock "1:00:13"]
[BlackClock "0:10:45"]

1. d4 {[%emt 0:00:10]} Nf6 2. c4 {[%emt 0:00:31]} g6 {[%emt 0:00:32]} 3. Nc3 {
[%emt 0:00:21]} d5 {[%emt 0:00:20]} 4. cxd5 {[%emt 0:00:24]} Nxd5 {[%emt 0:00:
11]} 5. e4 {[%emt 0:00:19]} Nxc3 {[%emt 0:00:15]} 6. bxc3 {[%emt 0:00:16]} Bg7
{[%emt 0:00:19]} 7. Bc4 {[%emt 0:00:47]} c5 {[%emt 0:00:18]} 8. Ne2 {[%emt 0:
00:20]} O-O {[%emt 0:00:46]} 9. Be3 {[%emt 0:00:34]} Nc6 {[%emt 0:00:18]} 10.
O-O {[%emt 0:03:48]} Qc7 {[%emt 0:00:27]} 11. Rc1 {[%emt 0:01:37]} b6 {[%emt 0:
00:35]} 12. dxc5 {[%emt 0:01:14]} bxc5 {[%emt 0:03:44]} 13. Bxc5 {[%emt 0:02:
03]} Rd8 {[%emt 0:06:09]} 14. Qa4 {[%emt 0:02:30]} Ne5 {[%emt 0:15:15]} 15. Bd5
{[%emt 0:00:32]} Rxd5 {[%emt 0:01:17]} 16. exd5 {[%emt 0:05:00]} Qxc5 {[%emt 0:
00:56]} 17. Qe8+ {[%emt 0:02:32]} Bf8 {[%emt 0:00:18]} 18. c4 {[%emt 0:00:20]}
Bb7 {[%emt 0:13:03]} 19. Qa4 {[%emt 0:00:28]} Rc8 {[%emt 0:02:14]} 20. Rc3 {
[%emt 0:00:11]} Nxc4 {[%emt 0:04:39]} 21. Rfc1 {[%emt 0:00:36]} Qxd5 {[%emt 0:
02:44]} 22. Nf4 {[%emt 0:00:19]} Qd2 {[%emt 0:11:18]} 23. g3 {[%emt 0:03:56]}
Nb6 {[%emt 0:14:50]} 24. Qc2 {[%emt 0:00:40]} Qd4 {[%emt 0:04:24]} 25. Rxc8 {
[%emt 0:00:46]} Nxc8 {[%emt 0:00:48]} 26. Rd1 {[%emt 0:00:38]} Qf6 {[%emt 0:04:
30]} 27. Qb3 {[%emt 0:03:35]} Qc6 {[%emt 0:01:35]} 28. Kf1 {[%emt 0:07:51]} e5
{[%emt 0:01:54]} 29. Nd5 {[%emt 0:00:44]} Nb6 {[%emt 0:00:36]} 30. Nxb6 {
[%emt 0:01:45]} 0-1

[Event "48th Continental Open"]
[Site "Sturbridge, MA"]
[Date "2018.08.18"]
[Round "6.21"]
[White "Kang, Dorian"]
[Black "Slade, Theo"]
[Result "1/2-1/2"]
[WhiteElo "1853"]
[BlackElo "1960"]
[Annotator "Hater,David"]
[PlyCount "111"]
[EventDate "2018.08.??"]
[EventType "swiss"]
[EventRounds "9"]
[EventCountry "USA"]

1. c4 e6 2. Nc3 Nf6 3. e4 d5 4. cxd5 exd5 5. e5 Ne4 6. Nxe4 dxe4 7. Qa4+ Nc6 8.
Qxe4 Be6 9. Bc4 Bxc4 10. Qxc4 Qe7 11. d4 Qb4+ 12. Qxb4 Bxb4+ 13. Bd2 Bxd2+ 14.
Kxd2 Nxd4 15. Ne2 Nxe2 16. Kxe2 O-O-O 17. Rad1 Rhe8 18. Rxd8+ Kxd8 19. Rd1+ Kc8
20. f4 f6 21. Kf3 fxe5 22. Re1 Kd7 23. f5 c5 24. Ke4 Kc6 25. Rd1 c4 26. g4 h6
27. h4 Rh8 28. Rd2 b5 29. g5 hxg5 30. hxg5 Rh1 31. f6 gxf6 32. gxf6 Rf1 33.
Kxe5 b4 34. Rd4 Kc5 35. Rd8 Re1+ 36. Kf5 Rf1+ 37. Ke6 Re1+ 38. Kd7 Rd1+ 39. Ke7
Re1+ 40. Kf8 c3 41. bxc3 bxc3 42. f7 Kc4 43. Re8 Rf1 44. Ke7 c2 45. f8=Q Rxf8
46. Rxf8 Kc3 47. Rc8+ Kb2 48. a4 c1=Q 49. Rxc1 Kxc1 50. a5 Kd2 51. Kd6 Ke3 52.
Kc6 Kd4 53. a6 Ke5 54. Kb7 Kd6 55. Kxa7 Kc7 56. Ka8 1/2-1/2

[Event "48th Continental Open"]
[Site "Sturbridge, MA"]
[Date "2018.08.18"]
[Round "6.22"]
[White "Yu, Alex"]
[Black "Song, Alan"]
[Result "1/2-1/2"]
[WhiteElo "1852"]
[BlackElo "2043"]
[PlyCount "90"]
[EventDate "2018.08.??"]
[EventType "swiss"]
[EventRounds "9"]
[EventCountry "USA"]
[TimeControl "6000+10"]
[WhiteClock "0:00:59"]
[BlackClock "0:03:43"]

1. e4 {[%emt 0:00:10]} c5 {[%emt 0:00:21]} 2. Nf3 {[%emt 0:00:12]} e6 {[%emt 0:
00:10]} 3. d4 {[%emt 0:00:11]} cxd4 {[%emt 0:00:10]} 4. Nxd4 {[%emt 0:00:10]}
Nc6 {[%emt 0:00:10]} 5. Nc3 {[%emt 0:00:20]} Qc7 {[%emt 0:00:11]} 6. Be3 {
[%emt 0:01:06]} a6 {[%emt 0:00:11]} 7. f3 {[%emt 0:01:40]} Nf6 {[%emt 0:00:24]}
8. Qd2 {[%emt 0:01:05]} b5 {[%emt 0:00:11]} 9. O-O-O {[%emt 0:01:14]} Bb7 {
[%emt 0:00:11]} 10. g4 {[%emt 0:00:48]} h6 {[%emt 0:00:10]} 11. h4 {[%emt 0:01:
15]} b4 {[%emt 0:04:13]} 12. Na4 {[%emt 0:00:10]} Ne5 {[%emt 0:15:47]} 13. Be2
{[%emt 0:07:16]} d5 {[%emt 0:16:09]} 14. g5 {[%emt 0:02:53]} hxg5 {[%emt 0:01:
16]} 15. hxg5 {[%emt 0:00:10]} Rxh1 {[%emt 0:00:11]} 16. Rxh1 {[%emt 0:00:10]}
Nfd7 {[%emt 0:00:12]} 17. f4 {[%emt 0:05:56]} Nc6 {[%emt 0:00:10]} 18. g6 {
[%emt 0:20:00]} O-O-O {[%emt 0:03:57]} 19. e5 {[%emt 0:05:21]} Nxd4 {[%emt 0:
02:51]} 20. Qxd4 {[%emt 0:04:23]} fxg6 {[%emt 0:01:34]} 21. Rg1 {[%emt 0:03:04]
} Bc6 {[%emt 0:22:04]} 22. Bxa6+ {[%emt 0:03:52]} Kb8 {[%emt 0:00:10]} 23. b3 {
[%emt 0:13:49]} Bxa4 {[%emt 0:00:56]} 24. bxa4 {[%emt 0:00:10]} Bc5 {[%emt 0:
01:52]} 25. Qd3 {[%emt 0:00:10]} Bxe3+ {[%emt 0:01:12]} 26. Qxe3 {[%emt 0:00:
19]} Nc5 {[%emt 0:03:39]} 27. Bb5 {[%emt 0:00:10]} d4 {[%emt 0:03:08]} 28. Qf3
{[%emt 0:04:23]} d3 {[%emt 0:02:28]} 29. Qc6 {[%emt 0:09:48]} Qxc6 {[%emt 0:01:
07]} 30. Bxc6 {[%emt 0:00:11]} d2+ {[%emt 0:01:18]} 31. Kd1 {[%emt 0:00:10]}
Kc7 {[%emt 0:00:11]} 32. Bb5 {[%emt 0:00:10]} Kb6 {[%emt 0:01:30]} 33. Rxg6 {
[%emt 0:05:13]} Rf8 {[%emt 0:06:18]} 34. Kxd2 {[%emt 0:00:10]} Rxf4 {[%emt 0:
00:10]} 35. Rxg7 {[%emt 0:01:13]} Rf5 {[%emt 0:01:25]} 36. Rg4 {[%emt 0:00:10]}
Ka5 {[%emt 0:04:20]} 37. c3 {[%emt 0:00:12]} bxc3+ {[%emt 0:00:10]} 38. Kxc3 {
[%emt 0:01:26]} Rxe5 {[%emt 0:00:11]} 39. Rg2 {[%emt 0:01:51]} Rh5 {[%emt 0:02:
45]} 40. Kd4 {[%emt 0:00:10]} Rd5+ {[%emt 0:02:12]} 41. Kc4 {[%emt 0:00:11]}
Ne4 {[%emt 0:00:29]} 42. Rg8 {[%emt 0:05:23]} Nd6+ {[%emt 0:00:19]} 43. Kc3 {
[%emt 0:00:00]} Rd1 {[%emt 0:00:00]} 44. Bd3 {[%emt 0:00:05]} Rc1+ {[%emt 0:00:
51]} 45. Bc2 {[%emt 0:00:00]} Rh1 {[%emt 0:00:00]} 1/2-1/2

[Event "48th Continental Open"]
[Site "Sturbridge, MA"]
[Date "2018.08.18"]
[Round "6.23"]
[White "Sage, J Timothy"]
[Black "Zhao, Jeffrey Renfei"]
[Result "0-1"]
[WhiteElo "2036"]
[BlackElo "1827"]
[PlyCount "130"]
[EventDate "2018.08.??"]
[EventType "swiss"]
[EventRounds "9"]
[EventCountry "USA"]
[TimeControl "6000+10"]
[WhiteClock "0:00:49"]
[BlackClock "0:00:16"]

1. d4 {[%emt 0:00:10]} d5 2. c4 {[%emt 0:00:17]} e6 {[%emt 0:00:32]} 3. Nc3 {
[%emt 0:00:23]} Nf6 {[%emt 0:00:14]} 4. Bg5 {[%emt 0:00:23]} Be7 {[%emt 0:00:
16]} 5. e3 {[%emt 0:00:19]} b6 {[%emt 0:01:22]} 6. Nf3 {[%emt 0:00:14]} Bb7 {
[%emt 0:00:14]} 7. cxd5 {[%emt 0:00:11]} exd5 {[%emt 0:01:30]} 8. Bb5+ {
[%emt 0:01:50]} c6 {[%emt 0:00:47]} 9. Bd3 {[%emt 0:01:16]} O-O {[%emt 0:01:43]
} 10. O-O {[%emt 0:00:55]} Nbd7 {[%emt 0:00:44]} 11. Qc2 {[%emt 0:10:45]} Re8 {
[%emt 0:03:56]} 12. Rad1 {[%emt 0:05:16]} h6 {[%emt 0:02:23]} 13. Bf4 {[%emt 0:
05:06]} Nf8 {[%emt 0:06:00]} 14. Ne5 {[%emt 0:08:11]} Ne6 {[%emt 0:01:52]} 15.
Bg3 {[%emt 0:01:27]} Bd6 {[%emt 0:03:32]} 16. f4 {[%emt 0:04:32]} c5 {[%emt 0:
08:24]} 17. f5 {[%emt 0:22:47]} Nf8 {[%emt 0:07:03]} 18. Bb5 {[%emt 0:11:05]}
Re7 {[%emt 0:04:51]} 19. Qf2 {[%emt 0:00:38]} Rc8 {[%emt 0:05:14]} 20. Qf3 {
[%emt 0:02:09]} a6 {[%emt 0:08:34]} 21. Bd3 {[%emt 0:00:36]} Qc7 {[%emt 0:01:
32]} 22. Bb1 {[%emt 0:03:48]} N8d7 {[%emt 0:05:59]} 23. Nxd7 {[%emt 0:01:20]}
Qxd7 {[%emt 0:01:11]} 24. Bh4 {[%emt 0:00:11]} Kh7 {[%emt 0:07:05]} 25. Qh3 {
[%emt 0:02:13]} Rce8 {[%emt 0:04:52]} 26. Rf3 {[%emt 0:00:11]} cxd4 {[%emt 0:
10:02]} 27. exd4 {[%emt 0:00:10]} Qc7 {[%emt 0:01:24]} 28. g4 {[%emt 0:00:44]}
Rd7 {[%emt 0:09:04]} 29. g5 {[%emt 0:02:08]} Ne4 {[%emt 0:01:03]} 30. g6+ {
[%emt 0:00:36]} fxg6 {[%emt 0:01:29]} 31. fxg6+ {[%emt 0:00:11]} Kg8 {[%emt 0:
01:20]} 32. Rdf1 {[%emt 0:00:11]} Bc8 {[%emt 0:00:00]} 33. Qg2 {[%emt 0:00:24]}
Qc4 {[%emt 0:00:00]} 34. Rd1 {[%emt 0:01:05]} Be7 {[%emt 0:00:00]} 35. Bf2 {
[%emt 0:00:12]} Bf6 {[%emt 0:00:08]} 36. Bc2 {[%emt 0:00:11]} Bb7 {[%emt 0:01:
47]} 37. Bb3 {[%emt 0:00:11]} Qc7 {[%emt 0:00:00]} 38. Ne2 {[%emt 0:00:11]}
Nxf2 {[%emt 0:00:00]} 39. Qxf2 {[%emt 0:00:10]} Rde7 {[%emt 0:00:13]} 40. Nc3 {
[%emt 0:00:11]} Qd6 {[%emt 0:00:15]} 41. Rf5 {[%emt 0:07:00]} Bh4 {[%emt 0:00:
00]} 42. Qxh4 {[%emt 0:02:34]} Qxg6+ {[%emt 0:00:00]} 43. Qg3 {[%emt 0:04:46]}
Qxf5 {[%emt 0:00:00]} 44. Rf1 {[%emt 0:00:11]} Qe6 {[%emt 0:00:00]} 45. Rf2 {
[%emt 0:00:00]} Qe3 {[%emt 0:00:00]} 46. Nxd5 {[%emt 0:00:00]} Qxg3+ {[%emt 0:
00:00]} 47. hxg3 {[%emt 0:00:00]} Bxd5 {[%emt 0:00:00]} 48. Bxd5+ {[%emt 0:00:
00]} Kh8 {[%emt 0:00:23]} 49. Bc6 {[%emt 0:00:00]} Re1+ {[%emt 0:00:41]} 50.
Kg2 {[%emt 0:00:20]} R8e2 {[%emt 0:00:16]} 51. d5 {[%emt 0:00:00]} Kg8 {
[%emt 0:00:00]} 52. Bd7 {[%emt 0:00:00]} Rxf2+ {[%emt 0:00:00]} 53. Kxf2 {
[%emt 0:00:00]} Re5 {[%emt 0:00:23]} 54. Bc8 {[%emt 0:00:00]} a5 {[%emt 0:00:
29]} 55. d6 {[%emt 0:00:00]} Kf8 {[%emt 0:00:24]} 56. Bb7 {[%emt 0:00:09]} Re6
{[%emt 0:00:00]} 57. d7 {[%emt 0:00:10]} Ke7 {[%emt 0:00:13]} 58. Bc8 {[%emt 0:
00:23]} Rc6 {[%emt 0:00:13]} 59. Ke3 {[%emt 0:00:12]} Rc2 {[%emt 0:00:11]} 60.
b3 {[%emt 0:00:10]} Rxa2 {[%emt 0:00:11]} 61. Kd4 {[%emt 0:00:14]} Rg2 {
[%emt 0:00:00]} 62. Kd5 {[%emt 0:00:12]} Rxg3 {[%emt 0:00:10]} 63. Kc6 {
[%emt 0:00:11]} Rxb3 {[%emt 0:00:29]} 64. Kc7 {[%emt 0:00:15]} Rc3+ {[%emt 0:
00:12]} 65. Kb7 {[%emt 0:00:26]} a4 {[%emt 0:00:00]} 0-1

[Event "48th Continental Open"]
[Site "Sturbridge, MA"]
[Date "2018.08.18"]
[Round "6.24"]
[White "Cui, Cynthia"]
[Black "Finnerman, David"]
[Result "1-0"]
[WhiteElo "1798"]
[BlackElo "1735"]
[PlyCount "99"]
[EventDate "2018.08.??"]
[EventType "swiss"]
[EventRounds "9"]
[EventCountry "USA"]
[TimeControl "6000+10"]
[WhiteClock "0:02:51"]
[BlackClock "0:47:21"]

1. c4 {[%emt 0:00:10]} Nf6 2. Nc3 {[%emt 0:00:12]} g6 {[%emt 0:01:15]} 3. g3 {
[%emt 0:00:15]} Bg7 {[%emt 0:00:31]} 4. Bg2 {[%emt 0:00:15]} O-O {[%emt 0:00:
56]} 5. Nf3 {[%emt 0:00:12]} c5 {[%emt 0:00:55]} 6. O-O {[%emt 0:00:14]} Nc6 {
[%emt 0:00:24]} 7. d4 {[%emt 0:00:10]} d6 {[%emt 0:02:47]} 8. dxc5 {[%emt 0:00:
35]} dxc5 {[%emt 0:00:27]} 9. Bf4 {[%emt 0:01:33]} Be6 {[%emt 0:00:10]} 10. Ne5
{[%emt 0:02:52]} Nh5 {[%emt 0:08:30]} 11. Nxc6 {[%emt 0:01:39]} bxc6 {[%emt 0:
00:36]} 12. Bd2 {[%emt 0:08:26]} Bxc4 {[%emt 0:05:08]} 13. Bxc6 {[%emt 0:19:39]
} Rb8 {[%emt 0:01:35]} 14. b3 {[%emt 0:08:03]} Rb6 {[%emt 0:00:55]} 15. bxc4 {
[%emt 0:09:08]} Rxc6 {[%emt 0:00:26]} 16. Qc2 {[%emt 0:01:32]} Nf6 {[%emt 0:14:
09]} 17. Rfd1 {[%emt 0:02:13]} Qd4 {[%emt 0:07:11]} 18. Qa4 {[%emt 0:04:54]}
Re6 {[%emt 0:29:24]} 19. Rac1 {[%emt 0:05:28]} Qg4 {[%emt 0:00:10]} 20. Qxa7 {
[%emt 0:11:43]} Qh3 {[%emt 0:00:38]} 21. Qb7 {[%emt 0:13:28]} Ng4 {[%emt 0:00:
11]} 22. Qg2 {[%emt 0:00:30]} Qh5 {[%emt 0:00:40]} 23. Nd5 {[%emt 0:08:41]} g5
{[%emt 0:02:09]} 24. Ne3 {[%emt 0:00:00]} Nh6 {[%emt 0:06:36]} 25. g4 {[%emt 0:
00:00]} Qg6 {[%emt 0:00:11]} 26. Bc3 {[%emt 0:00:00]} f5 {[%emt 0:00:00]} 27.
Bxg7 {[%emt 0:00:00]} Kxg7 {[%emt 0:00:00]} 28. gxf5 {[%emt 0:00:00]} Nxf5 {
[%emt 0:00:00]} 29. Nxf5+ {[%emt 0:00:00]} Rxf5 {[%emt 0:00:00]} 30. e3 {
[%emt 0:00:00]} Ref6 {[%emt 0:00:00]} 31. Rd2 {[%emt 0:00:00]} Qf7 {[%emt 0:00:
00]} 32. Rd5 {[%emt 0:00:06]} e6 {[%emt 0:00:00]} 33. Rxf5 {[%emt 0:00:11]}
Rxf5 {[%emt 0:00:00]} 34. Rb1 {[%emt 0:00:13]} Kg6 {[%emt 0:00:00]} 35. Rb7 {
[%emt 0:00:11]} Qf6 {[%emt 0:00:00]} 36. Rb1 {[%emt 0:00:11]} Qe5 {[%emt 0:00:
00]} 37. Qf1 {[%emt 0:00:14]} Qe4 {[%emt 0:00:00]} 38. Rc1 {[%emt 0:00:16]}
Qg4+ {[%emt 0:00:00]} 39. Qg2 {[%emt 0:00:13]} Qh5 {[%emt 0:00:00]} 40. Kh1 {
[%emt 0:00:11]} Qh4 {[%emt 0:00:00]} 41. f4 {[%emt 0:00:11]} e5 {[%emt 0:00:00]
} 42. Qc6+ {[%emt 0:00:11]} Kh5 {[%emt 0:00:00]} 43. Qe8+ {[%emt 0:00:11]} Kg4
{[%emt 0:00:00]} 44. Rg1+ {[%emt 0:00:12]} Kf3 {[%emt 0:00:00]} 45. Qd7 {
[%emt 0:00:10]} Rf6 {[%emt 0:00:00]} 46. Qd1+ {[%emt 0:00:13]} Ke4 {[%emt 0:00:
00]} 47. Qd5+ {[%emt 0:00:11]} Kxe3 {[%emt 0:00:00]} 48. Qxe5+ {[%emt 0:00:10]}
Kf2 {[%emt 0:00:00]} 49. Qxf6 {[%emt 0:00:11]} Qh5 {[%emt 0:00:00]} 50. fxg5+ {
[%emt 0:00:11]} 1-0

[Event "48th Continental Open"]
[Site "Sturbridge, MA"]
[Date "2018.08.18"]
[Round "6.25"]
[White "Chin, Jonathan"]
[Black "Riddell, Connor"]
[Result "1/2-1/2"]
[WhiteElo "1810"]
[BlackElo "1716"]
[PlyCount "92"]
[EventDate "2018.08.??"]
[EventType "swiss"]
[EventRounds "9"]
[EventCountry "USA"]

1. e4 c5 2. Nf3 e6 3. d4 cxd4 4. Nxd4 a6 5. c4 Nf6 6. Nc3 Bb4 7. Qd3 Nc6 8. Be2
Qc7 9. Nxc6 bxc6 10. O-O Bxc3 11. bxc3 c5 12. f4 d6 13. Rd1 Bb7 14. Bf3 O-O 15.
Qxd6 Qxd6 16. Rxd6 Bxe4 17. Be3 Rfd8 18. Rad1 Rxd6 19. Rxd6 Bxf3 20. gxf3 Nh5
21. Rc6 Rb8 22. Rxc5 f5 23. Rc6 Rb1+ 24. Kg2 Rb2+ 25. Kh3 Rxa2 26. Rxe6 Rc2 27.
c5 Rxc3 28. Re5 Nxf4+ 29. Bxf4 Rxf3+ 30. Bg3 f4 31. Rf5 Rc3 32. Rxf4 Rxc5 33.
Ra4 Rc6 34. Kg4 h6 35. Kf5 Kh7 36. Ra5 Rb6 37. Be5 g6+ 38. Ke4 h5 39. h4 Kg8
40. Kf4 Rb4+ 41. Kg3 Rg4+ 42. Kh3 g5 43. hxg5 Rxg5 44. Kh4 Rf5 45. Rc5 Kf7 46.
Rc7+ Ke6 1/2-1/2

[Event "48th Continental Open"]
[Site "Sturbridge, MA"]
[Date "2018.08.19"]
[Round "7.1"]
[White "Barbosa, Oliver"]
[Black "Baryshpolets, Andrey"]
[Result "1/2-1/2"]
[WhiteElo "2545"]
[BlackElo "2609"]
[PlyCount "27"]
[EventDate "2018.08.??"]
[EventType "swiss"]
[EventRounds "9"]
[EventCountry "USA"]
[TimeControl "6000+10"]
[WhiteClock "1:27:12"]
[BlackClock "1:06:29"]

1. d4 {[%emt 0:05:29]} d5 {[%emt 0:22:30]} 2. Nf3 {[%emt 0:00:16]} Nf6 {
[%emt 0:00:10]} 3. c4 {[%emt 0:00:10]} e6 {[%emt 0:00:10]} 4. Bg5 {[%emt 0:00:
41]} Be7 {[%emt 0:01:41]} 5. Nc3 {[%emt 0:00:26]} h6 {[%emt 0:00:10]} 6. Bh4 {
[%emt 0:00:10]} O-O {[%emt 0:00:10]} 7. e3 {[%emt 0:00:10]} Ne4 {[%emt 0:02:44]
} 8. Bxe7 {[%emt 0:00:16]} Qxe7 {[%emt 0:00:10]} 9. Rc1 {[%emt 0:00:10]} c6 {
[%emt 0:00:20]} 10. Bd3 {[%emt 0:00:11]} Nxc3 {[%emt 0:00:10]} 11. Rxc3 {
[%emt 0:00:10]} dxc4 {[%emt 0:06:48]} 12. Bxc4 {[%emt 0:00:21]} Nd7 {[%emt 0:
00:11]} 13. O-O {[%emt 0:00:13]} b6 {[%emt 0:00:37]} 14. Qe2 {[%emt 0:06:25]}
1/2-1/2